Motivační rozhovory v praxi
Gespeichert in:
| 1. Verfasser: | |
|---|---|
| Format: | Buch |
| Sprache: | Tschechisch |
| Veröffentlicht: |
Praha
Portál
2020
|
| Ausgabe: | 2. vydání |
| Schlagworte: | |
| Tags: |
Keine Tags, Fügen Sie das erste Tag hinzu!
|
MARC
| LEADER | 00000nam a2200000 4500 | ||
|---|---|---|---|
| 001 | 0299065 | ||
| 005 | 20240417073814.6 | ||
| 020 | |a 978-80-262-1705-3 | ||
| 041 | 0 | |a cze | |
| 044 | |a CZ | ||
| 245 | 1 | 0 | |a Motivační rozhovory v praxi |c Jan Soukup |
| 250 | |a 2. vydání | ||
| 264 | 1 | |a Praha |b Portál |c 2020 | |
| 300 | |a 150 s. | ||
| 610 | 2 | 0 | |a psychológia |
| 610 | 2 | 0 | |a motivácia |
| 610 | 2 | 0 | |a rozhovor |
| 610 | 2 | 0 | |a komunikácia interpersonálna |
| 610 | 2 | 0 | |a pomoc sociálna |
| 100 | 1 | |a Soukup, Jan | |